Biblioteca

Fábulas de Tamalameque: Los animales hablan de paz / Manuela Zapata Olivella ; ilustrado por Olga Lucía Aldana (Registro nro. 49232)

Detalles MARC
000 -LÍDER
Campo fijo de descripción fija 005390000a22001930004500
001 - NÚMERO DE CONTROL
Campo de control 2084
003 - IDENTIFICADOR DEL NÚMERO DE CONTROL
Campo de control CO-MdFUSB
005 - FECHA Y HORA DE LA ULTIMA TRANSACCIÓN
control field 20170830173353.0
008 - ELEMENTOS DE LONGITUD FIJA -- INFORMACIÓN GENERAL
Campo fijo de descripción fija -- Información general 170830b xxu||||| |||| 00| 0 eng d
020 ## - NÚMERO INTERNACIONAL NORMALIZADO PARA LIBROS
Número Internacional Normalizado del libro 958-615-615-X
040 ## - FUENTE DE CATALOGACIÓN
Agencia que realiza la transcripción CO-MdBIC
082 04 - NÚMERO DE CLASIFICACIÓN DECIMAL DEWEY
Número de clasificación 868F Z174f
100 1# - ASIENTO PRINCIPAL--NOMBRE PERSONAL
Nombre personal Zapata Olivella, Manuela
245 10 - TÍTULO
Título del Material Fábulas de Tamalameque: Los animales hablan de paz / Manuela Zapata Olivella ; ilustrado por Olga Lucía Aldana
260 ## - PUBLICACIÓN, DISTRIBUCIÓN, ETC. (PIE DE IMPRENTA)
Lugar de publicación, distribución, etc. Bogotá : Educar
300 ## - DESCRIPCIÓN FÍSICA
Extensión 72 P.
505 00 - NOTA DE CONTENIDO
Nota de contenido con formato preestablecido A partir de 9 años
942 ## - TIPO DE MATERIAL (KOHA)
Tipo de Item KOHA Z- Libro General BINCO
Existencias
Estado de Material Estado de Perdido Forma de Clasificación Volumen-Parte/Tomo Estado de Dañado No para Préstamo Tomo Biblioteca de Origen Biblioteca Permanente Fecha de Adquisición Total de Préstamos Signatura Topográfica Código de Barras Última vez visto Ejemplar/Existencia Fecha de Remplazo Tipo de Material
    Dewey Decimal Classification         Biblioteca Infantil Comunitaria BINCO Biblioteca Infantil Comunitaria BINCO 17/09/2009   868F Z174f B32650 24/11/2016 1 26/01/2016 Z- Libro General BINCO

Biblioteca FUSBC | Teléfono: (57+4) 349 88 10 Ext. 141| WhatsApp (+57) 3005338115 
E-mail: biblioteca@unisbc.edu.co | Calle 76 87-14 Robledo Palenque, Medellín, Colombia

Con tecnología Koha